[Event "C.to Provinciale BG"]
[Site "Bergamo ITA"]
[Date "2013.01.20"]
[Round "3"]
[White "Rota, Simone"]
[Black "Tarelli, Daniele"]
[WhiteElo "2039"]
[BlackElo "1936"]
[Result "1-0"]
[PlyCount "83"]
[EventDate "2013.01.19"]

1. d4 f5 2. Nf3 Nf6 3. g3 g6 4. Bg2 Bg7 5. O-O O-O 6. b3 d6 7. Bb2 c6 8. c4 Na6
9. Nc3 Nc7 10. e3 Qe8 11. Ne2 h6 12. Rc1 Be6 13. Nd2 d5 14. Nf4 Bf7 15. cxd5
Ncxd5 16. Nd3 g5 17. e4 Nxe4 18. Nxe4 fxe4 19. Bxe4 Bh5 20. Qe1 Rd8 21. Nc5 Rd6
22. Nxb7 Rdf6 23. Rc2 Bf3 24. Nc5 g4 25. Bxf3 gxf3 26. h3 Qh5 27. Kh2 Nf4 28.
gxf4 Rxf4 29. Rg1 Rh4 30. Rg3 Rff4 31. d5 Rfg4 32. Qe6+ Kh7 33. Bxg7 Rxg7 34.
Rxg7+ Kxg7 35. Rc1 Rxh3+ 36. Qxh3 Qxd5 37. Ne6+ Kf7 38. Rg1 Qe5+ 39. Rg3 h5 40.
Ng5+ Kf6 41. Qxh5 Qb2 42. Qh8+ 1-0

[Event "C.to Provinciale BG"]
[Site "Bergamo ITA"]
[Date "2013.01.20"]
[Round "3"]
[White "Scarabelli, Maurizio"]
[Black "Cocconcelli, Lorenzo"]
[WhiteElo "1801"]
[BlackElo "2031"]
[Result "1/2-1/2"]
[PlyCount "39"]
[EventDate "2013.01.19"]

1. e4 e6 2. d4 d5 3. e5 c5 4. c3 Nc6 5. Nf3 Qb6 6. a3 c4 7. g3 Bd7 8. Bh3 Be7
9. Nbd2 Na5 10. O-O h5 11. Rb1 g5 12. Bg2 Nh6 13. Ne1 Nf5 14. h3 O-O-O 15. Qe2
Ba4 16. Bf3 Ng7 17. Bg2 Rdg8 18. g4 hxg4 19. hxg4 Qc7 20. Ndf3 1/2-1/2

[Event "C.to Provinciale BG"]
[Site "Bergamo ITA"]
[Date "2013.01.20"]
[Round "3"]
[White "Silini, Bruno"]
[Black "Foglieni, Matteo"]
[WhiteElo "1621"]
[BlackElo "1801"]
[Result "0-1"]
[PlyCount "94"]
[EventDate "2013.01.19"]

1. e4 c6 2. d4 d5 3. e5 Bf5 4. Nf3 e6 5. Bd2 c5 6. c4 Nc6 7. cxd5 Qxd5 8. Nc3
Qd8 9. Bb5 cxd4 10. Bxc6+ bxc6 11. Qa4 dxc3 12. Qxc6+ Ke7 13. Bxc3 f6 14. Rd1
Qc8 15. Bb4+ Kf7 16. Rd7+ Be7 17. Rc7 Qe8 18. Nd4 Kf8 19. Bd6 Rd8 20. Qxe8+
Rxe8 21. Nxf5 exf5 22. O-O fxe5 23. Bxe5 Nf6 24. Bc3 Nd5 25. Rxa7 Nxc3 26. bxc3
Bf6 27. c4 g6 28. g3 Re7 29. Ra6 Kf7 30. c5 Rc8 31. c6 Rcc7 32. Rc1 Be5 33. f4
Bd6 34. Kf2 Ra7 35. c7 Raxc7 36. Rxc7 Bxc7 37. a4 Ke8 38. Kf3 Kd7 39. g4 fxg4+
40. Kxg4 Rf7 41. Ra7 Rxf4+ 42. Kg5 Rf5+ 43. Kg4 h6 44. h4 Ra5 45. Rb7 Rxa4+ 46.
Kh3 Ra3+ 47. Kg4 Rg3# 0-1

[Event "C.to Provinciale BG"]
[Site "Bergamo ITA"]
[Date "2013.01.20"]
[Round "3"]
[White "Tedoldi, Guido"]
[Black "Pecorario, Stefano"]
[WhiteElo "1621"]
[BlackElo "1785"]
[Result "0-1"]
[PlyCount "66"]
[EventDate "2013.01.19"]

1. c4 Nf6 2. Nc3 e6 3. e4 c5 4. Nf3 d6 5. d4 cxd4 6. Nxd4 Be7 7. Bd3 O-O 8. O-O
Nfd7 9. Be3 Nc6 10. a3 Bf6 11. Nxc6 bxc6 12. Qd2 Nb6 13. c5 Bxc3 14. Qxc3 Na4
15. Qc2 Nxc5 16. Rad1 Nxd3 17. Rxd3 Ba6 18. Rfd1 Bxd3 19. Rxd3 Qc7 20. Qd2 d5
21. Bf4 Qb6 22. Bd6 Rfd8 23. e5 Rxd6 24. exd6 c5 25. Qf4 Qxb2 26. h4 Qb1+ 27.
Kh2 Qxd3 28. d7 Qe4 29. Qc7 Qxh4+ 30. Kg1 Qd8 31. Qc6 c4 32. Kf1 a5 33. Ke2 Ra7
0-1

[Event "C.to Provinciale BG"]
[Site "Bergamo ITA"]
[Date "2013.01.20"]
[Round "3"]
[White "Villa, Giorgio"]
[Black "Moroni, Luca jr"]
[WhiteElo "1979"]
[BlackElo "2161"]
[Result "1-0"]
[PlyCount "53"]
[EventDate "2013.01.19"]

1. d4 d5 2. Nf3 Nf6 3. c4 e6 4. Bg5 Nbd7 5. e3 Be7 6. Nc3 a6 7. Rc1 O-O 8. Bd3
dxc4 9. Bxc4 b5 10. Bd3 Bb7 11. O-O c5 12. a4 b4 13. Ne2 cxd4 14. Nfxd4 e5 15.
Bxf6 Bxf6 16. Nc6 Qe8 17. Bf5 Bxc6 18. Rxc6 Nb8 19. Rxf6 gxf6 20. Nd4 h6 21.
Qh5 Kg7 22. Be4 Rh8 23. Bxa8 Qxa4 24. Nf5+ Kf8 25. Rc1 Qd7 26. Bd5 a5 27. Rc8+
1-0

[Event "C.to Provinciale BG"]
[Site "Bergamo ITA"]
[Date "2013.01.26"]
[Round "4"]
[White "Andolfatto, Maria"]
[Black "Colonetti, Giacomo"]
[WhiteElo "1428"]
[BlackElo "1374"]
[Result "1/2-1/2"]
[PlyCount "67"]
[EventDate "2013.01.19"]

1. e4 e5 2. Nf3 Nc6 3. Bc4 Nf6 4. d3 Bc5 5. Be3 Bxe3 6. fxe3 d6 7. h3 Qe7 8.
Nc3 a6 9. Nd5 Nxd5 10. Bxd5 Bd7 11. O-O Nd8 12. a3 Be6 13. Bxe6 Nxe6 14. d4 Rd8
15. c4 O-O 16. b4 c5 17. d5 Ng5 18. Nxg5 Qxg5 19. Qf3 Rc8 20. b5 axb5 21. cxb5
b6 22. Rac1 Rc7 23. Rc4 f6 24. a4 Ra7 25. Kh1 Rfa8 26. Ra1 h5 27. Ra3 h4 28.
Kh2 Kf7 29. Qf5 Qxf5 30. exf5 Rh8 31. e4 g6 32. g4 hxg3+ 33. Rxg3 g5 34. Rg1
1/2-1/2

[Event "C.to Provinciale BG"]
[Site "Bergamo ITA"]
[Date "2013.01.26"]
[Round "4"]
[White "Biava, Pierluigi"]
[Black "Attuati, Luca"]
[WhiteElo "1653"]
[BlackElo "1469"]
[Result "1-0"]
[PlyCount "67"]
[EventDate "2013.01.19"]

1. c4 e5 2. Nc3 Nf6 3. d3 b6 4. Nf3 Bb7 5. Nxe5 Bd6 6. Nf3 h6 7. e4 Qe7 8. Be2
c5 9. Nb5 Nh7 10. Bd2 Na6 11. O-O O-O 12. Nxd6 Qxd6 13. Qc2 Rae8 14. a3 Nb8 15.
b4 Nc6 16. b5 Ne7 17. Bc3 Ng6 18. g3 Qe6 19. Qb2 f6 20. h4 d6 21. Nh2 Rf7 22.
f4 Qh3 23. Rf3 f5 24. Bf1 Qg4 25. Nxg4 fxg4 26. Rf2 h5 27. f5 Ne5 28. Bxe5 dxe5
29. a4 Ba8 30. a5 Nf6 31. axb6 axb6 32. Ra6 Nd7 33. Qa1 Bb7 34. Ra7 1-0

[Event "C.to Provinciale BG"]
[Site "Bergamo ITA"]
[Date "2013.01.26"]
[Round "4"]
[White "Cattaneo, Marco"]
[Black "Villa, Giorgio"]
[WhiteElo "2066"]
[BlackElo "1979"]
[Result "1-0"]
[PlyCount "59"]
[EventDate "2013.01.19"]

1. d4 d5 2. c4 c6 3. Nc3 Nf6 4. Nf3 e6 5. Bg5 h6 6. Bh4 dxc4 7. e4 Be7 8. Bxf6
Bxf6 9. Bxc4 Nd7 10. O-O b5 11. Bb3 Bb7 12. Qe2 O-O 13. Rfd1 Qb6 14. Bc2 Rfd8
15. Rac1 a6 16. e5 Be7 17. Qd3 Nf8 18. Ne4 Ng6 19. Qe3 Rac8 20. Nc5 Bxc5 21.
dxc5 Qc7 22. Bxg6 fxg6 23. Rd6 Qe7 24. Nd4 Rxd6 25. exd6 Qf6 26. Qxe6+ Kf8 27.
Qxf6+ gxf6 28. d7 Rb8 29. Re1 Kf7 30. Ne6 1-0

[Event "C.to Provinciale BG"]
[Site "Bergamo ITA"]
[Date "2013.01.26"]
[Round "4"]
[White "Colonetti, Fabio"]
[Black "Tedoldi, Guido"]
[WhiteElo "1457"]
[BlackElo "1621"]
[Result "1/2-1/2"]
[PlyCount "105"]
[EventDate "2013.01.19"]

1. e4 c5 2. Nf3 Nc6 3. d4 cxd4 4. Nxd4 e5 5. Nb3 Nf6 6. Nc3 Bb4 7. Bd3 d5 8.
exd5 Nxd5 9. Bd2 Be6 10. O-O O-O 11. a3 Nxc3 12. Bxc3 Bxc3 13. bxc3 Rc8 14. Nc5
Qe7 15. Nxe6 Qxe6 16. Qf3 Na5 17. Bf5 e4 18. Bxe6 exf3 19. Bxc8 Rxc8 20. Rfe1
h6 21. Re3 fxg2 22. Kxg2 Nc4 23. Rg3 Nd6 24. Rb1 b6 25. Rg4 Rxc3 26. Ra4 Rc7
27. Rd1 Nb5 28. Rc1 Rc3 29. h3 Nxa3 30. Rxa7 Nc4 31. Kh2 b5 32. Rb7 Na3 33.
Rb8+ Kh7 34. Ra8 b4 35. h4 Nxc2 36. Ra2 b3 37. Rb2 Rc4 38. Kh3 Rc3+ 39. Kh2 Rc4
40. Kh3 g5 41. hxg5 hxg5 42. Rxb3 Rh4+ 43. Kg2 Nd4 44. Rh3 Rxh3 45. Kxh3 f5 46.
Rc7+ Kg6 47. Rd7 g4+ 48. Kg3 Nf3 49. Rd6+ Kg5 50. Ra6 Ng1 51. Kg2 Ne2 52. Ra5
Nd4 53. Kg3 1/2-1/2

[Event "C.to Provinciale BG"]
[Site "Bergamo ITA"]
[Date "2013.01.26"]
[Round "4"]
[White "Filice, Davide"]
[Black "Tarelli, Daniele"]
[WhiteElo "1716"]
[BlackElo "1936"]
[Result "1-0"]
[PlyCount "77"]
[EventDate "2013.01.19"]

1. e4 c5 2. Nf3 d6 3. d4 cxd4 4. Nxd4 Nf6 5. Nc3 g6 6. f4 Nc6 7. Nxc6 bxc6 8.
e5 dxe5 9. Qxd8+ Kxd8 10. fxe5 Ng4 11. Bf4 Bg7 12. O-O-O+ Ke8 13. Nb5 Bd7 14.
Nc7+ Kd8 15. Nxa8 Nf2 16. Bc4 Nxh1 17. e6 fxe6 18. Bxe6 Bh6 19. Bxh6 Kc8 20.
Bxd7+ Kb7 21. Rxh1 Rxa8 22. Re1 Rd8 23. Rxe7 Kc7 24. Be3 Kd6 25. Rxh7 c5 26. c4
Rf8 27. g3 Rf1+ 28. Kd2 Ke5 29. Bxc5 g5 30. Re7+ Kf6 31. Re8 Rh1 32. Rf8+ Kg7
33. Rf2 g4 34. Bc6 Ra1 35. Bd4+ Kh6 36. Be4 a5 37. Rf7 Kh5 38. Be3 Rd1+ 39.
Kxd1 1-0

[Event "C.to Provinciale BG"]
[Site "Bergamo ITA"]
[Date "2013.01.26"]
[Round "4"]
[White "Foglieni, Matteo"]
[Black "Guerini, Sara"]
[WhiteElo "1801"]
[BlackElo "1685"]
[Result "1-0"]
[PlyCount "49"]
[EventDate "2013.01.19"]

1. Nf3 d5 2. g3 Nf6 3. Bg2 e6 4. O-O c6 5. d3 Be7 6. Nbd2 Nbd7 7. e4 e5 8. Ne1
Qb6 9. h3 O-O 10. Kh2 Bd6 11. f4 Qc7 12. f5 Nc5 13. g4 h6 14. h4 g6 15. Nc4 Kg7
16. Nxd6 Qxd6 17. Bxh6+ Kxh6 18. g5+ Kg7 19. gxf6+ Qxf6 20. Qg4 Rh8 21. Nf3 Bd7
22. Ng5 Raf8 23. Qg3 Rh6 24. Kg1 Qe7 25. f6+ 1-0

[Event "C.to Provinciale BG"]
[Site "Bergamo ITA"]
[Date "2013.01.26"]
[Round "4"]
[White "Maffeis, Fabio"]
[Black "Ferrari, Paolo"]
[WhiteElo "1391"]
[BlackElo "1717"]
[Result "0-1"]
[PlyCount "62"]
[EventDate "2013.01.19"]

1. d4 Nf6 2. c4 e6 3. Nc3 d5 4. Nf3 Be7 5. Bf4 Nbd7 6. cxd5 exd5 7. Qc2 c6 8.
e3 O-O 9. Bd3 Re8 10. Na4 Bb4+ 11. Nc3 Nf8 12. O-O Ng6 13. Bg3 Bg4 14. Qb3 Qe7
15. h3 Bxf3 16. gxf3 Nh5 17. Rfe1 Bxc3 18. bxc3 Nxg3 19. fxg3 Qg5 20. Kf2 Re7
21. Re2 h5 22. Rae1 h4 23. g4 Rae8 24. c4 Qf6 25. cxd5 Qd6 26. Rg1 cxd5 27. Rc2
Rxe3 28. Qxb7 Rxf3+ 29. Kxf3 Qf4+ 30. Kg2 Qg3+ 31. Kf1 Re1# 0-1

[Event "C.to Provinciale BG"]
[Site "Bergamo ITA"]
[Date "2013.01.26"]
[Round "4"]
[White "Moroni, Luca jr"]
[Black "Guerini, Silvia jr"]
[WhiteElo "2161"]
[BlackElo "1756"]
[Result "1-0"]
[PlyCount "75"]
[EventDate "2013.01.19"]

1. Nf3 Nf6 2. c4 g6 3. b3 Bg7 4. Bb2 d6 5. d4 O-O 6. g3 c5 7. Bg2 Nc6 8. O-O
Re8 9. d5 Nb8 10. Nc3 Nbd7 11. Qd2 Rb8 12. a4 a6 13. Ne1 Nf8 14. e4 Bd7 15. Nd3
Qc8 16. f4 Bh3 17. e5 Nh5 18. Ne4 Rd8 19. Rae1 Bf5 20. Ndf2 b5 21. exd6 exd6
22. Bxg7 Kxg7 23. Qc3+ Kg8 24. Bf3 Bxe4 25. Nxe4 Ng7 26. Nf6+ Kh8 27. Re7 Nd7
28. Bg4 Rb7 29. Nxd7 Rbxd7 30. Bxd7 Rxd7 31. Rfe1 Kg8 32. Qf6 Rxe7 33. Rxe7 Qf8
34. Rd7 Ne8 35. Qd8 bxa4 36. bxa4 h5 37. Ra7 Kh7 38. Re7 1-0

[Event "C.to Provinciale BG"]
[Site "Bergamo ITA"]
[Date "2013.01.26"]
[Round "4"]
[White "Oteri, Aldo"]
[Black "Silini, Bruno"]
[WhiteElo "1794"]
[BlackElo "1621"]
[Result "1-0"]
[PlyCount "65"]
[EventDate "2013.01.19"]

1. e4 e5 2. Nf3 Nc6 3. Bb5 a6 4. Ba4 Nf6 5. d4 Qe7 6. O-O b5 7. Bb3 h6 8. c3 d6
9. h3 Nxe4 10. Bd5 Bd7 11. Bxe4 g5 12. dxe5 O-O-O 13. Qe2 Re8 14. Re1 f6 15.
Bxc6 Bxc6 16. Nd4 Ba8 17. e6 c5 18. Nf5 Qh7 19. Qd3 Qb7 20. f3 Qb6 21. e7 Kc7
22. exf8=Q Rhxf8 23. Rxe8 Rxe8 24. Be3 Re5 25. Nd2 Rd5 26. Qe4 Bb7 27. Qe7+ Kb8
28. Qxf6 Qc6 29. Ne4 Qe8 30. Nexd6 Rxf5 31. Nxf5 Bc8 32. Rd1 Ka7 33. Rd8 1-0

[Event "C.to Provinciale BG"]
[Site "Bergamo ITA"]
[Date "2013.01.26"]
[Round "4"]
[White "Pecorario, Stefano"]
[Black "Falchi, Claudio"]
[WhiteElo "1785"]
[BlackElo "1867"]
[Result "1-0"]
[PlyCount "109"]
[EventDate "2013.01.19"]

1. e4 e6 2. d4 d5 3. Nc3 Bb4 4. e5 c5 5. Qg4 Ne7 6. dxc5 Bxc5 7. Nf3 Nbc6 8.
Bd2 Qc7 9. Nb5 Qb6 10. Qxg7 Rg8 11. Qxh7 Bd7 12. Nd6+ Bxd6 13. exd6 Qxb2 14.
Rd1 Rh8 15. Qd3 Nb4 16. Bxb4 Qxb4+ 17. Qd2 Qxd6 18. c4 Bc6 19. cxd5 Nxd5 20.
Qb2 O-O-O 21. Ne5 Qb4+ 22. Qxb4 Nxb4 23. Rc1 Rh5 24. Nxc6 Nxc6 25. Be2 Re5 26.
f4 Re4 27. g3 Kb8 28. Kf1 Rd2 29. Bf3 Ra4 30. Bxc6 bxc6 31. h4 Raxa2 32. h5
Rf2+ 33. Ke1 Kc7 34. Rc3 Rfb2 35. Kd1 Rh2 36. Rxh2 Rxh2 37. g4 a5 38. Rc5 Kb6
39. Re5 a4 40. Kc1 a3 41. Kb1 c5 42. f5 exf5 43. Rxf5 a2+ 44. Ka1 c4 45. h6 c3
46. Rf1 Kc5 47. h7 Kc4 48. Rxf7 Kd3 49. Rd7+ Kc4 50. Rc7+ Kb3 51. Rb7+ Kc2 52.
Rd7 Kc1 53. Rc7 c2 54. Rd7 Rh6 55. g5 1-0

[Event "C.to Provinciale BG"]
[Site "Bergamo ITA"]
[Date "2013.01.26"]
[Round "4"]
[White "Ranfagni, Stefano"]
[Black "Rota, Simone"]
[WhiteElo "2040"]
[BlackElo "2039"]
[Result "0-1"]
[PlyCount "102"]
[EventDate "2013.01.19"]

1. e4 c5 2. Nc3 Nc6 3. f4 d6 4. Nf3 e6 5. Bb5 Bd7 6. d3 Nge7 7. O-O a6 8. Bxc6
Bxc6 9. Qe1 d5 10. Ne5 Qc7 11. Nxc6 Qxc6 12. a4 d4 13. Ne2 g6 14. Ng3 f5 15.
exf5 exf5 16. Qe5 Rg8 17. Re1 Rd8 18. Bd2 Qd6 19. Qe2 Kf7 20. Qf3 Qd5 21. Qxd5+
Nxd5 22. Nf1 Bd6 23. g3 Rge8 24. Kf2 Rxe1 25. Rxe1 Re8 26. Rxe8 Kxe8 27. h3 b5
28. axb5 axb5 29. b3 b4 30. Kf3 h5 31. g4 hxg4+ 32. hxg4 Kf7 33. gxf5 gxf5 34.
Ng3 Kg6 35. Ne2 Nc7 36. Bc1 Nb5 37. Bb2 Be7 38. Kg3 Kh5 39. Kf3 Bh4 40. Bc1 Be1
41. Bb2 Na3 42. Bxa3 bxa3 43. Nc1 Bd2 44. Na2 Kh4 45. Ke2 Bxf4 46. c3 Kg3 47.
cxd4 cxd4 48. b4 Kg2 49. b5 Bb8 50. Kd2 f4 51. Kc2 f3 0-1

[Event "C.to Provinciale BG"]
[Site "Bergamo ITA"]
[Date "2013.01.26"]
[Round "4"]
[White "Tentori, Giulio"]
[Black "Scarabelli, Maurizio"]
[WhiteElo "1720"]
[BlackElo "1801"]
[Result "1/2-1/2"]
[PlyCount "54"]
[EventDate "2013.01.19"]

1. e4 c5 2. Nc3 Nc6 3. f4 d6 4. Bc4 e6 5. Nf3 Be7 6. O-O a6 7. a4 Nf6 8. d3 Qc7
9. Qe1 b6 10. f5 exf5 11. Ng5 O-O 12. exf5 Ne5 13. Nd5 Nxd5 14. Bxd5 Bb7 15.
Qe4 Bxd5 16. Qxd5 Qc6 17. Qxc6 Nxc6 18. Bf4 Nd4 19. Rf2 Nxf5 20. Re1 Rae8 21.
Rfe2 f6 22. Ne6 Rf7 23. c3 g5 24. Nc7 Rc8 25. Nd5 gxf4 26. Nxe7+ Nxe7 27. Rxe7
Kf8 1/2-1/2

[Event "C.to Provinciale BG"]
[Site "Bergamo ITA"]
[Date "2013.01.26"]
[Round "4"]
[White "Villa, Claudio"]
[Black "Rota, Gabriele"]
[WhiteElo "1813"]
[BlackElo "1359"]
[Result "1-0"]
[PlyCount "77"]
[EventDate "2013.01.19"]

1. d4 Nf6 2. c4 d5 3. Nf3 Bf5 4. g3 Nc6 5. Nbd2 e6 6. Bg2 Ne4 7. O-O Nxd2 8.
Bxd2 dxc4 9. Qa4 Be4 10. Qxc4 Qd7 11. e3 f6 12. a3 O-O-O 13. b4 a6 14. Bc3 Na7
15. a4 Qc6 16. Qxc6 Nxc6 17. b5 Nb8 18. bxa6 Nxa6 19. Rfc1 Nb4 20. Ne1 Bxg2 21.
Kxg2 b6 22. Rcb1 Na6 23. a5 Kb7 24. axb6 cxb6 25. Rb2 Bd6 26. Nd3 Ka7 27. Rba2
Ra8 28. Rxa6+ Kb7 29. Rxa8 Rxa8 30. Rxa8 Kxa8 31. Kf3 Ka7 32. Ke2 Ka6 33. e4
Be7 34. Nf4 Kb5 35. Kd3 Ka4 36. Kc2 Ka3 37. Bb2+ Ka2 38. Nd3 b5 39. Nc1# 1-0

[Event "C.to Provinciale BG"]
[Site "Bergamo ITA"]
[Date "2013.01.27"]
[Round "5"]
[White "Attuati, Luca"]
[Black "Andolfatto, Maria"]
[WhiteElo "1469"]
[BlackElo "1428"]
[Result "1/2-1/2"]
[PlyCount "66"]
[EventDate "2013.01.19"]

1. e4 e5 2. Nf3 Nc6 3. Bb5 Bc5 4. O-O d6 5. Nc3 a6 6. Ba4 b5 7. Bb3 Be6 8. Bd5
Bxd5 9. Nxd5 Nge7 10. c3 f5 11. Nxe7 Nxe7 12. d3 O-O 13. Ng5 Qd7 14. d4 exd4
15. cxd4 Bb6 16. b4 fxe4 17. Nxe4 Qf5 18. Ng3 Qd5 19. Bb2 c5 20. bxc5 dxc5 21.
dxc5 Qxd1 22. Raxd1 Bxc5 23. Nh5 Rf7 24. Rd2 Raf8 25. g3 h6 26. Nf4 Re8 27. h4
Bb4 28. Rd7 Nc6 29. Rdd1 Ne5 30. Kg2 Nc4 31. Bc1 Bd6 32. Rd5 Bxf4 33. Bxf4 Re2
1/2-1/2

[Event "C.to Provinciale BG"]
[Site "Bergamo ITA"]
[Date "2013.01.27"]
[Round "5"]
[White "Cocconcelli, Lorenzo"]
[Black "Ferrari, Paolo"]
[WhiteElo "2031"]
[BlackElo "1717"]
[Result "1-0"]
[PlyCount "140"]
[EventDate "2013.01.19"]

1. d4 Nf6 2. c4 e6 3. Nf3 d5 4. g3 Be7 5. Bg2 O-O 6. O-O b6 7. Nc3 Bb7 8. Ne5
Nbd7 9. Qa4 c5 10. Nxd7 Nxd7 11. cxd5 cxd4 12. Qxd4 Nf6 13. Rd1 Bc5 14. Qd3
exd5 15. Nxd5 Nxd5 16. Bxd5 Bxd5 17. Qxd5 Qf6 18. Qf3 Qxf3 19. exf3 Rfe8 20.
Kf1 Re6 21. Bf4 Rae8 22. Re1 Bd4 23. Rxe6 Rxe6 24. Rd1 Bc5 25. Be3 Bd6 26. f4
Kf8 27. h4 f5 28. g4 Be7 29. g5 Rc6 30. Ke2 Kf7 31. h5 g6 32. hxg6+ hxg6 33.
Bd4 Bc5 34. Bxc5 Rxc5 35. Rd7+ Kf8 36. Kd3 a5 37. Rd6 Rb5 38. b3 Kf7 39. Kd4
Rb4+ 40. Ke3 Re4+ 41. Kf3 Rb4 42. Rd3 Ke7 43. Rc3 a4 44. Rc7+ Ke6 45. bxa4 Rxa4
46. Rg7 Rxa2 47. Rxg6+ Kf7 48. Rxb6 Ra3+ 49. Kg2 Ra5 50. Kg3 Rc5 51. Kh4 Kg7
52. Kh5 Rc4 53. Rb7+ Kf8 54. Kg6 Rxf4 55. Rf7+ Kg8 56. Rxf5 Rc4 57. Re5 Rc6+
58. Kf5 Kg7 59. f4 Ra6 60. Re7+ Kf8 61. Re6 Ra7 62. g6 Rb7 63. Rc6 Rb8 64. Kf6
Ra8 65. f5 Re8 66. Kg5 Re5 67. Rc8+ Kg7 68. Rc7+ Kg8 69. Kh6 Re8 70. f6 Re6 1-0

[Event "C.to Provinciale BG"]
[Site "Bergamo ITA"]
[Date "2013.01.27"]
[Round "5"]
[White "Colonetti, Giacomo"]
[Black "Folcini, Gaddo"]
[WhiteElo "1374"]
[BlackElo "1611"]
[Result "0-1"]
[PlyCount "56"]
[EventDate "2013.01.19"]

1. e4 e5 2. Nf3 d5 3. exd5 e4 4. Qe2 Nf6 5. Nc3 Bf5 6. d3 Bb4 7. dxe4 Bxc3+ 8.
bxc3 Nxe4 9. c4 O-O 10. Qd1 Re8 11. Be3 Nd7 12. Bd3 Qf6 13. O-O Bg4 14. Be2 Nc3
15. Qd2 Nxe2+ 16. Qxe2 Ne5 17. h3 Nxf3+ 18. gxf3 Bxf3 19. Qd2 Qg6+ 20. Bg5 Re5
21. h4 Qf5 22. Qf4 Qh3 23. Qh2 Qf5 24. Qf4 Rae8 25. Rfe1 Rxe1+ 26. Rxe1 Rxe1+
27. Kh2 Rh1+ 28. Kg3 Qh3# 0-1

[Event "C.to Provinciale BG"]
[Site "Bergamo ITA"]
[Date "2013.01.27"]
[Round "5"]
[White "Falchi, Claudio"]
[Black "Tentori, Giulio"]
[WhiteElo "1867"]
[BlackElo "1720"]
[Result "1-0"]
[PlyCount "79"]
[EventDate "2013.01.19"]

1. e4 e5 2. Nf3 Nf6 3. Nxe5 d6 4. Nf3 Nxe4 5. Nc3 Nxc3 6. dxc3 Be7 7. Be3 Be6
8. Qd2 a6 9. Nd4 Nd7 10. Nxe6 fxe6 11. O-O-O O-O 12. Bc4 d5 13. Bxd5 Nc5 14.
Bb3 Nxb3+ 15. cxb3 Bd6 16. Rhe1 Qf6 17. Qe2 Rfe8 18. Qg4 Qf5 19. Qxf5 exf5 20.
Bd4 Kf7 21. b4 g6 22. h3 Rad8 23. g3 b6 24. Be3 Re6 25. Re2 Rde8 26. Rde1 g5
27. Kd1 h6 28. Bd4 Rxe2 29. Rxe2 Rxe2 30. Kxe2 Ke6 31. g4 fxg4 32. hxg4 Kf7 33.
Ke3 Kg6 34. Ke4 h5 35. gxh5+ Kxh5 36. Be5 Bxe5 37. Kxe5 Kg4 38. Ke4 b5 39. b3
c6 40. a3 1-0

[Event "C.to Provinciale BG"]
[Site "Bergamo ITA"]
[Date "2013.01.27"]
[Round "5"]
[White "Guerini, Sara"]
[Black "Biava, Pierluigi"]
[WhiteElo "1685"]
[BlackElo "1653"]
[Result "1-0"]
[PlyCount "113"]
[EventDate "2013.01.19"]

1. e4 c5 2. Nc3 e6 3. f4 Nc6 4. Bc4 a6 5. a4 Nge7 6. e5 d5 7. exd6 Qxd6 8. d3
Nd5 9. Nge2 Be7 10. O-O O-O 11. Ne4 Qb8 12. N2g3 Rd8 13. Nh5 f5 14. Ng5 b5 15.
axb5 axb5 16. Rxa8 Qxa8 17. Bxb5 Nd4 18. Bc4 h6 19. Nf3 Nb6 20. Nxd4 Rxd4 21.
Bb3 Qc6 22. Ng3 c4 23. Ba2 g6 24. Be3 Rd8 25. Qe2 cxd3 26. cxd3 Ba6 27. Rc1 Qb5
28. Bxe6+ Kg7 29. Bc4 Nxc4 30. dxc4 Qb4 31. Qc2 Bc5 32. Bxc5 Qxc5+ 33. Kh1 h5
34. Qc3+ Qd4 35. Qxd4+ Rxd4 36. c5 Rxf4 37. Kg1 h4 38. Nh1 Rb4 39. Rc2 Kf6 40.
Nf2 Ke5 41. c6 Kd6 42. c7 Kd7 43. Nd3 Rb5 44. Nc5+ Kxc7 45. Nxa6+ Kb6 46. Nc7
Re5 47. Kf2 g5 48. Kf3 Kb7 49. b4 Re1 50. Nd5 Re5 51. Rc5 Kb8 52. Ne3 g4+ 53.
Kf2 g3+ 54. hxg3 hxg3+ 55. Kf3 Re4 56. Rxf5 Rxb4 57. Kxg3 1-0

[Event "C.to Provinciale BG"]
[Site "Bergamo ITA"]
[Date "2013.01.27"]
[Round "5"]
[White "Guerini, Silvia jr"]
[Black "Villa, Claudio"]
[WhiteElo "1756"]
[BlackElo "1813"]
[Result "1/2-1/2"]
[PlyCount "97"]
[EventDate "2013.01.19"]

1. e4 e5 2. Nf3 d6 3. Bc4 Be7 4. d3 c6 5. Nc3 h6 6. h3 Nf6 7. O-O Nbd7 8. Re1
Nf8 9. d4 Qc7 10. a3 g5 11. Nh2 Ng6 12. Ng4 Nxg4 13. hxg4 Qd7 14. Be2 Nf4 15.
Bxf4 gxf4 16. Qd2 Qc7 17. d5 Bd7 18. b4 Bg5 19. Qd3 a6 20. a4 O-O 21. Red1 c5
22. bxc5 Qxc5 23. Rab1 Rab8 24. Rb3 Rfc8 25. Rdb1 Rc7 26. Qf3 Qa7 27. Rb6 Be7
28. Bxa6 Rbc8 29. Qe2 bxa6 30. Rxa6 Qd4 31. Nb5 Bxb5 32. axb5 Rxc2 33. Qf1 Qxe4
34. b6 Qxd5 35. b7 Rb8 36. Qb5 Rc1+ 37. Kh2 Rc5 38. Qb2 Rc7 39. Ra8 Rxa8 40.
b8=Q+ Rxb8 41. Qxb8+ Bf8 42. Qxc7 f3 43. Rg1 fxg2 44. Rxg2 e4 45. Qd8 Qg5 46.
Qb6 Bg7 47. Qb1 d5 48. Qd1 Be5+ 49. Kg1 1/2-1/2

[Event "C.to Provinciale BG"]
[Site "Bergamo ITA"]
[Date "2013.01.27"]
[Round "5"]
[White "Moroni, Luca jr"]
[Black "Foglieni, Matteo"]
[WhiteElo "2161"]
[BlackElo "1801"]
[Result "1-0"]
[PlyCount "41"]
[EventDate "2013.01.19"]

1. Nf3 c5 2. c4 Nc6 3. d4 cxd4 4. Nxd4 g6 5. Nc3 Bg7 6. e3 Nf6 7. g3 d6 8. Bg2
Bd7 9. O-O O-O 10. b3 Rb8 11. a4 a6 12. Bb2 Nxd4 13. Qxd4 b5 14. cxb5 axb5 15.
a5 b4 16. Nd5 Rb5 17. a6 Be6 18. Nf4 d5 19. a7 Qa8 20. Qd3 Qb7 21. a8=Q 1-0

[Event "C.to Provinciale BG"]
[Site "Bergamo ITA"]
[Date "2013.01.27"]
[Round "5"]
[White "Oteri, Aldo"]
[Black "Ranfagni, Stefano"]
[WhiteElo "1794"]
[BlackElo "2040"]
[Result "1-0"]
[PlyCount "125"]
[EventDate "2013.01.19"]

1. f4 d5 2. Nf3 g6 3. e3 Bg7 4. Be2 Nf6 5. O-O O-O 6. d3 c5 7. Ne5 Nc6 8. Nd2
Nd7 9. Nxc6 bxc6 10. e4 e5 11. f5 Nf6 12. fxg6 fxg6 13. Bf3 Ba6 14. c4 Qb6 15.
Qc2 Rad8 16. Nb3 dxc4 17. dxc4 Rd4 18. Nxd4 cxd4 19. b3 Rd8 20. Bg5 h6 21. Bxf6
Bxf6 22. Bg4 Bg5 23. Qd3 Be3+ 24. Kh1 c5 25. Rf3 Rf8 26. Raf1 Rxf3 27. Rxf3 Bb7
28. Qf1 Bf4 29. g3 Bxe4 30. gxf4 exf4 31. Kg1 Bxf3 32. Qxf3 Qc7 33. Qd5+ Kg7
34. Kf2 Qe7 35. Qd7 Qxd7 36. Bxd7 Kf6 37. Kf3 Ke5 38. Be8 g5 39. Bg6 Kf6 40.
Bd3 Ke5 41. Kg4 a6 42. a3 a5 43. Kh5 f3 44. Kg4 f2 45. Kf3 h5 46. Kxf2 Kf4 47.
Bg6 h4 48. h3 g4 49. hxg4 Kxg4 50. Be8 Kf4 51. Bd7 d3 52. Bc6 h3 53. Bd7 Ke4
54. Bxh3 Kd4 55. Bd7 Kc3 56. Ba4 Kd2 57. b4 axb4 58. axb4 cxb4 59. c5 Kc3 60.
Ke3 d2 61. Ke2 b3 62. Bxb3 Kxb3 63. Kxd2 1-0

[Event "C.to Provinciale BG"]
[Site "Bergamo ITA"]
[Date "2013.01.27"]
[Round "5"]
[White "Rota, Gabriele"]
[Black "Chiarparin, Matteo"]
[WhiteElo "1359"]
[BlackElo "1458"]
[Result "0-1"]
[PlyCount "70"]
[EventDate "2013.01.19"]

1. e4 c5 2. d4 cxd4 3. c3 dxc3 4. Nxc3 Nc6 5. Be3 g6 6. Bc4 Bg7 7. Qd2 Qa5 8.
Rc1 Nf6 9. f3 d6 10. Nd5 Qxd2+ 11. Bxd2 Nxd5 12. Bxd5 Bd7 13. Bc3 O-O 14. Bxg7
Kxg7 15. Ne2 Nb4 16. Kd2 Nxd5 17. exd5 Rac8 18. Rxc8 Rxc8 19. Rc1 Rxc1 20. Nxc1
Bb5 21. Kc3 Bf1 22. g3 Bg2 23. Kd4 Bxf3 24. Nb3 b6 25. Kc4 Kf6 26. Nd4 Bg2 27.
Kb5 Bxd5 28. a4 e5 29. Ne2 Bb7 30. Kb4 d5 31. Nc3 e4 32. Ne2 Ke5 33. Kc3 f5 34.
Kd2 g5 35. Ke3 Ba6 0-1

[Event "C.to Provinciale BG"]
[Site "Bergamo ITA"]
[Date "2013.01.27"]
[Round "5"]
[White "Rota, Simone"]
[Black "Cattaneo, Marco"]
[WhiteElo "2039"]
[BlackElo "2066"]
[Result "1/2-1/2"]
[PlyCount "55"]
[EventDate "2013.01.19"]

1. d4 d5 2. Nf3 Nf6 3. e3 Bf5 4. c4 c6 5. Nc3 e6 6. Bd3 Bxd3 7. Qxd3 Bb4 8. O-O
Nbd7 9. a3 Bxc3 10. bxc3 O-O 11. cxd5 exd5 12. a4 Re8 13. c4 dxc4 14. Qxc4 Nb6
15. Qb3 Qd5 16. Qxd5 cxd5 17. Bd2 Nc4 18. Rfb1 Ne4 19. Be1 b6 20. a5 f6 21. Rb5
Rad8 22. axb6 axb6 23. Ra7 Re6 24. h4 Red6 25. h5 R6d7 26. Ra4 Kf7 27. g3 Ke6
28. Kg2 1/2-1/2